| 000 | 01174nac a22003011u 4500 | ||
|---|---|---|---|
| 003 | EG-ScBUE | ||
| 005 | 20221012101650.0 | ||
| 008 | 221012s2006 enka f bd 001 0 eng d | ||
| 020 | _a9780415360845 | ||
| 020 | _a0415360846 (pb : alk. paper) | ||
| 040 |
_aEG-ScBUE _beng _erda _cEG-ScBUE _dEG-ScBUE |
||
| 082 | 0 | 4 |
_a720.68 _bZUN _222 |
| 100 | 1 |
_aZunde, J. M. _q(Joan M.), _d1928- _eauthor. |
|
| 245 | 1 | 0 |
_aIntegrated strategies in architecture / _cJoan Zunde and Hocine Bougdah. |
| 264 | 1 |
_aOxon ; _aNew York : _bTaylor & Francis, _c2006. |
|
| 300 |
_aviii,301 pages : _billustrations ; _c20 cm. |
||
| 490 | 0 |
_aTechnologies of architecture ; _vvolume 1 |
|
| 500 | _aIncludes glossary. | ||
| 504 | _aIncludes bibliographical references and index. | ||
| 650 | 7 |
_aArchitectural design. _2BUEsh |
|
| 650 | 7 |
_aArchitectural practice. _2BUEsh _937735 |
|
| 653 | _bENGARC | ||
| 655 | _vReading book | ||
| 700 | 1 |
_aBougdah, Hocine, _eauthor. |
|
| 856 | 4 | 1 |
_3Table of contents only _uhttp://www.loc.gov/catdir/toc/ecip0519/2005028145.html |
| 856 | 4 | 1 |
_3Publisher description _uhttp://www.loc.gov/catdir/enhancements/fy0653/2005028145-d.html |
| 942 |
_cBB _2ddc |
||
| 999 |
_c1872 _d1872 |
||